Direct Flights from Switzerland - Statistics

General Stats
  • This quiz has been taken 160 times
  • The average score is 63 of 71
Answers on the Map
Answers color-coded by a green-red scale on the quiz's map according to % correct below.
 
Answer Stats
Answer % Correct
Belgium
98%
Canada
98%
France
98%
Germany
98%
Iceland
98%
Ireland
98%
Italy
98%
Netherlands
98%
Norway
98%
Portugal
98%
Spain
98%
Sweden
98%
United Kingdom
98%
United States
98%
Austria
97%
China
97%
Denmark
97%
Turkey
97%
Finland
96%
Greece
96%
India
96%
Japan
96%
Poland
96%
Croatia
95%
Czechia
95%
Egypt
95%
Romania
95%
Slovenia
95%
Bosnia and Herzegovina
94%
Brazil
94%
Latvia
94%
Lithuania
94%
Morocco
94%
Serbia
94%
Albania
93%
Hungary
93%
Mexico
93%
United Arab Emirates
93%
Bulgaria
92%
Estonia
92%
Saudi Arabia
92%
Algeria
91%
Switzerland
91%
Kosovo
89%
South Africa
89%
South Korea
89%
Thailand
88%
Israel
87%
Montenegro
87%
Qatar
87%
North Macedonia
85%
Tunisia
85%
Cyprus
84%
Luxembourg
84%
Malta
84%
Cuba
83%
Oman
83%
Colombia
82%
Jordan
80%
Singapore
79%
Ethiopia
78%
Kuwait
78%
Lebanon
77%
Dominican Republic
75%
Sri Lanka
62%
Maldives
61%
Costa Rica
60%
Tanzania
53%
Mauritius
51%
Cape Verde
50%
Seychelles
49%
No matching quizzes found
Score Distribution
Percent of People with Each Score
Percentile by Number Answered
Your Score History
You have not taken this quiz